Historia de Polonia / (Record no. 47898)

MARC details
000 -LEADER
campo de control de longitud fija 00977nam a2200289 i 4500
001 - NÚMERO DE CONTROL
campo de control 47898
003 - IDENTIFICADOR DE NÚMERO DE CONTROL
campo de control ES-MaACL
005 - FECHA Y HORA DE LA ÚLTIMA TRANSACCIÓN
campo de control 20230906161646.0
007 - CAMPO FIJO DE DESCRIPCIÓN FÍSICA--INFORMACIÓN GENERAL
campo de control de longitud fija t|
008 - DATOS DE LONGITUD FIJA--INFORMACIÓN GENERAL
campo de control de longitud fija 030625s2002 sp ab 00100 spa d
020 ## - NÚMERO INTERNACIONAL ESTÁNDAR DEL LIBRO
Número Internacional Estándar del Libro 84-8323-297-9
080 ## - NÚMERO DE LA CLASIFICACIÓN DECIMAL UNIVERSAL
Número de la Clasificación Decimal Universal 94(438)
100 1# - ENTRADA PRINCIPAL--NOMBRE DE PERSONA
Nombre de persona Lukowski, Jerzy.
9 (RLIN) 74726
245 10 - MENCIÓN DEL TÍTULO
Título Historia de Polonia /
Mención de responsabilidad, etc. Jerzy Lukowski y Hubert Zawadzki ; traducción de José Miguel Parra Ortiz ; revisión científica de Fernando Presa González.
250 ## - MENCION DE EDICION
Mención de edición 1ª ed. en Cambridge University Press.
260 ## - PUBLICACIÓN, DISTRIBUCIÓN, ETC.
Lugar de publicación, distribución, etc. Madrid :
Nombre del editor, distribuidor, etc. Cambridge University Press,
Fecha de publicación, distribución, etc. 2002.
300 ## - DESCRIPCIÓN FÍSICA
Extensión 341 p :
Otras características físicas il., mapas ;
Dimensiones 22 cm.
490 1# - MENCIÓN DE SERIE
Mención de serie Historia
504 ## - NOTA DE BIBLIOGRAFÍA, ETC.
Nota de bibliografía, etc. Bibliografía: p. 317-324. Indice.
651 #4 - PUNTO DE ACCESO ADICIONAL DE MATERIA--NOMBRE GEOGRÁFICO
Nombre geográfico Polonia-
Subdivisión general Historia.
9 (RLIN) 9240
700 1# - ENTRADA AGREGADA--NOMBRE PERSONAL
Nombre de persona Zawadzki, Hubert.
9 (RLIN) 118116
700 1# - ENTRADA AGREGADA--NOMBRE PERSONAL
Nombre de persona Parra Ortiz, José Miguel.
9 (RLIN) 89251
700 1# - ENTRADA AGREGADA--NOMBRE PERSONAL
Nombre de persona Presa González, Fernando.
9 (RLIN) 93771
830 1# - PUNTO DE ACCESO ADICIONAL DE SERIE-TÍTULO UNIFORME
Título uniforme Historia
9 (RLIN) 177536
852 4# - LOCALIZACIÓN
Ubicación ES-MaACL
Número de control de estantería L-26463
Holdings
Estatus retirado Estado de pérdida Estado de daño No para préstamo Biblioteca de origen Biblioteca actual Ubicación en estantería Fecha de adquisición Fuente de adquisición Total de préstamos Signatura topográfica completa Código de barras Visto por última vez Precio de reemplazo Tipo de ítem Koha
        Biblioteca del Ateneo de Madrid Biblioteca del Ateneo de Madrid Depósito 2 17/01/2008     L-26463 1050408 23/02/2023 23/02/2023 Libro impreso